Sports Quiz

Random Sports Quiz

Joey Barton Red Cards Quiz Stats

 Plays Quiz not verified by Sporcle

Challenge
Share
Tweet
Embed
Score 0/9 Timer 02:00
0 Plays Today
Offense Team % Correct
ElbowingManchester City
90.6%
Rough challengeLiverpool
62.5%
Rough challengeSunderland
59.4%
Arguing with refereeTottenham Hotspur
53.1%
Two-footed challengeBolton Wanderers
43.8%
Striking an OpponentHull City
34.4%
HeadbuttNorwich City
31.3%
Second Yellow CardLeicester City
28.1%
Second Yellow CardNancy
21.9%

You're not logged in!

Compare scores with friends on all Sporcle quizzes.
OR
Log In

You Might Also Like...

Show Comments

Extras

Top Quizzes Today


Score Distribution

Your Account Isn't Verified!

In order to create a playlist on Sporcle, you need to verify the email address you used during registration. Go to your Sporcle Settings to finish the process.

Report this User

Report this user for behavior that violates our Community Guidelines.

Details: